000
00225nam a2200097Ia 4500
008
170619s9999 xx 000 0 und d
100
_a
Pressman- Roger S.
245
0
_a
Software Engineering
260
_b
Mc Graw Hill
260
_c
2005
546
_a
ENGLISH
999
_c
17563
_d
17563